000 01076nam a2200289 i 4500
001 17945
003 ES-MaACL
005 20250915203308.0
007 t|
008 010627s1950 mx ||||1| spa d
080 _a1 Erasmus, Desiderius: 008(460)
080 _a008 (460)"15"
100 1 _aBataillon, Marcel.
_926396
245 1 0 _aErasmo y España
_b: estudios sobre la historia espiritual del siglo XVI /
_cpor Marcel Bataillon ; traducción de Antonio Alatorre.
250 _a1ª ed. en español corr. y aum.
260 _aMéxico :
_bFondo de Cultura Económica,
_c1950.
300 _a2 v. ;
_c24 cm.
490 1 _aSección de obras de historia
600 1 4 _aErasmus, Desiderius,
_d1467-1536-
_xInfluencia
_9172325
650 7 _aFilosofía renacentista
_2embne
_9147263
651 4 _aEspaña-
_xCivilización-
_yS.XVI.
_98169
700 1 _aAlatorre, Antonio.
_919169
830 1 _aSección de obras de historia
_9179403
852 _aES-MaACL
_jAND-37-8
_z- Biblioteca Juan Andrade
852 _aES-MaACL
_jD-6768-69
999 _c17945
_d17945